[Event "AUTO-INT-3000"]
[Site "http://www.queenalice.com/game.php?id=1361056"]
[Date "2015.5.22"]
[Round "1"]
[White "Checker"]
[Black "pssservicos"]
[Result "0-1"]
[WhiteElo "1644"]
[BlackElo "1655"]

1. e4 e5 2. Nf3 Nc6 3. Bb5 Nd4 4. Nxd4 exd4 5. e5 c6 6. Bc4 d5 7. exd6 Qxd6 8.
O-O b5 9. Re1+ Be7 10. Bb3 Nf6 11. c3 dxc3 12. bxc3 Ng4 0-1

[Event "AUTO-INT-3196"]
[Site "http://www.queenalice.com/game.php?id=1451426"]
[Date "2016.11.23"]
[Round "1"]
[White "Checker"]
[Black "papyrusmoon"]
[Result "1-0"]
[WhiteElo "1667"]
[BlackElo "1398"]

1. e4 e5 2. Bc4 Nf6 3. d3 d5 4. exd5 Nxd5 5. Nf3 Bc5 6. O-O O-O 7. Re1 c6 8.
Nxe5 Nd7 9. d4 Bb4 10. c3 Bd6 11. Qf3 N7f6 12. Bf4 b5 13. Nxc6 Qc7 14. Bxd6 Qxd6
15. Bxb5 Bg4 16. Qg3 Qd7 17. c4 a6 18. Ba4 Nb6 19. Ne7+ Kh8 20. Bxd7 Nbxd7 21.
d5 Nc5 22. f3 Nh5 23. Qxg4 Nf6 24. Qg5 Nd3 25. Re2 Rac8 26. Nf5 g6 27. Qxf6+ 1-0

[Event "AUTO-INT-3196"]
[Site "http://www.queenalice.com/game.php?id=1451441"]
[Date "2016.11.23"]
[Round "1"]
[White "jr66"]
[Black "Checker"]
[Result "1-0"]
[WhiteElo "2117"]
[BlackElo "1672"]

1. d4 e6 2. e4 d5 3. Nc3 Bb4 4. e5 Ne7 5. a3 Ba5 6. b4 Bb6 7. Na4 Nd7 8. Nf3 Nf5
9. c3 h6 10. Bd3 Nh4 11. Nxh4 Qxh4 12. O-O O-O 13. Re1 1-0

[Event "AUTO-INT-3196"]
[Site "http://www.queenalice.com/game.php?id=1451442"]
[Date "2016.11.23"]
[Round "1"]
[White "Checker"]
[Black "jr66"]
[Result "0-1"]
[WhiteElo "1672"]
[BlackElo "2117"]

1. e4 c5 2. Bb5 a6 3. Bc4 e6 4. Nc3 b5 5. Be2 Bb7 6. d3 Nc6 7. Nf3 Nf6 8. O-O
Be7 9. a3 O-O 10. e5 Ng4 11. Bf4 Qc7 12. Qd2 Ngxe5 0-1

[Event "AUTO-INT-3196"]
[Site "http://www.queenalice.com/game.php?id=1451451"]
[Date "2016.11.23"]
[Round "1"]
[White "PROFALEXANDRE"]
[Black "Checker"]
[Result "1-0"]
[WhiteElo "1634"]
[BlackElo "1600"]

1. d4 d5 2. Nc3 e6 3. a3 Nf6 4. Bg5 Be7 5. h4 Nc6 6. e3 a6 7. Nf3 O-O 8. Bxf6
Bxf6 9. g4 b6 10. Qd3 Qd6 11. O-O-O e5 12. dxe5 Nxe5 13. Nxe5 Qxe5 14. f4 Qe6
15. g5 Bxc3 16. Qxc3 c5 17. Bh3 Qc6 18. Bg2 1-0

[Event "AUTO-INT-3196"]
[Site "http://www.queenalice.com/game.php?id=1451452"]
[Date "2016.11.23"]
[Round "1"]
[White "Checker"]
[Black "PROFALEXANDRE"]
[Result "0-1"]
[WhiteElo "1585"]
[BlackElo "1649"]

1. e4 e5 2. Bc4 Nf6 3. d3 h6 4. Nf3 d6 5. h3 a6 6. O-O Nc6 7. Nc3 Nd4 8. Be3 Nc6
9. a3 b5 10. Bb3 Be7 11. Nd5 O-O 12. c4 bxc4 13. Bxc4 Be6 14. Qa4 Bxd5 15. Bxd5
Nxd5 16. exd5 Nb8 17. Rac1 Nd7 0-1

[Event "AUTO-OPEN-3733"]
[Site "http://www.queenalice.com/game.php?id=1452372"]
[Date "2016.11.28"]
[Round "1"]
[White "Checker"]
[Black "fabricioprado"]
[Result "0-1"]
[WhiteElo "1637"]
[BlackElo "1817"]

1. e4 e5 2. Nf3 Nc6 3. Bb5 a6 4. Bxc6 bxc6 5. Nxe5 Qe7 6. d4 d6 7. Nf3 Qxe4+ 8.
Be3 Be7 9. Nc3 Qg6 10. O-O Bh3 11. Ne1 Bg4 12. f3 Be6 13. d5 cxd5 14. Nxd5 Rc8
15. Nxe7 Nxe7 16. Nd3 O-O 17. b3 Nf5 0-1

[Event "AUTO-OPEN-3733"]
[Site "http://www.queenalice.com/game.php?id=1452373"]
[Date "2016.11.28"]
[Round "1"]
[White "fabricioprado"]
[Black "Checker"]
[Result "1-0"]
[WhiteElo "1826"]
[BlackElo "1628"]

1. e4 e5 2. Nf3 d6 3. Bc4 Be7 4. Nc3 h6 5. O-O Nf6 6. d3 O-O 7. h3 c6 8. a3 d5
9. exd5 cxd5 10. Bb3 d4 11. Ne2 1-0

[Event "AUTO-OPEN-3733"]
[Site "http://www.queenalice.com/game.php?id=1452374"]
[Date "2016.11.28"]
[Round "1"]
[White "Checker"]
[Black "Takeda"]
[Result "0-1"]
[WhiteElo "1620"]
[BlackElo "2116"]

1. e4 e5 2. d4 exd4 3. Qxd4 Nc6 4. Qe3 d6 5. Bb5 Bd7 6. Bxc6 Bxc6 7. Nf3 Nf6 8.
Nfd2 Qe7 9. f3 g6 10. Nc3 Bg7 0-1

[Event "AUTO-OPEN-3733"]
[Site "http://www.queenalice.com/game.php?id=1452376"]
[Date "2016.11.28"]
[Round "1"]
[White "Checker"]
[Black "Mannu"]
[Result "0-1"]
[WhiteElo "1543"]
[BlackElo "1915"]

1. e4 e6 2. d3 d5 3. exd5 exd5 4. Nf3 Nc6 5. d4 Nf6 6. Bb5 Bd7 7. O-O Be7 8. Bg5
O-O 9. Nc3 Bg4 10. Bxc6 bxc6 11. Qd3 Bxf3 12. Qxf3 Rb8 13. b3 h6 14. Bh4 Nh7 0-1

[Event "AUTO-OPEN-3733"]
[Site "http://www.queenalice.com/game.php?id=1452377"]
[Date "2016.11.28"]
[Round "1"]
[White "Mannu"]
[Black "Checker"]
[Result "1-0"]
[WhiteElo "1913"]
[BlackElo "1545"]

1. d4 d5 2. c4 e6 3. Nf3 h6 4. Nc3 Bb4 5. e3 Nf6 6. g3 Ne4 7. Qb3 Nc6 8. a3 Ba5
9. Bg2 Nxc3 10. bxc3 dxc4 11. Qxc4 Bd7 12. O-O 1-0

[Event "AUTO-INT-3200"]
[Site "http://www.queenalice.com/game.php?id=1453244"]
[Date "2016.12.3"]
[Round "1"]
[White "Checker"]
[Black "ismaelfln"]
[Result "0-1"]
[WhiteElo "1616"]
[BlackElo "1612"]

1. e4 e5 2. Nf3 Nc6 3. Bb5 Nd4 4. Nxd4 exd4 5. Qf3 c6 6. Bc4 Nh6 7. d3 d5 8.
Bxh6 dxc4 9. Bd2 cxd3 10. cxd3 Bd6 11. O-O O-O 12. Bf4 Bxf4 13. Qxf4 g5 14. Qf3
Kg7 0-1

[Event "AUTO-INT-3200"]
[Site "http://www.queenalice.com/game.php?id=1453255"]
[Date "2016.12.3"]
[Round "1"]
[White "daniel0176"]
[Black "Checker"]
[Result "0-1"]
[WhiteElo "1284"]
[BlackElo "1572"]

1. e4 e5 2. Nf3 d6 3. h3 Nf6 4. Bd3 Be7 5. O-O Nc6 6. c3 a6 7. c4 Be6 8. Nc3 Nb4
9. a3 Nxd3 10. b4 Bxc4 11. Rb1 b5 12. a4 Nxc1 13. Re1 Nd3 14. Rf1 d5 15. axb5
axb5 16. exd5 Nxd5 17. Ne2 Bxb4 0-1

[Event "AUTO-INT-3200"]
[Site "http://www.queenalice.com/game.php?id=1453261"]
[Date "2016.12.3"]
[Round "1"]
[White "NickThorp"]
[Black "Checker"]
[Result "1-0"]
[WhiteElo "1574"]
[BlackElo "1576"]

1. e4 e5 2. Nf3 d6 3. Bb5+ Bd7 4. Bxd7+ Qxd7 5. O-O Be7 6. d3 h6 7. Nc3 Nf6 8.
h3 a6 9. Be3 Nc6 10. Nd5 Nxd5 11. exd5 Nb4 12. Qd2 Nxd5 13. a3 Bf6 14. c4 Ne7
15. b4 e4 16. Nd4 c5 17. bxc5 dxc5 18. Rab1 cxd4 19. Bf4 exd3 20. Qxd3 O-O 21.
Rfe1 g5 22. Bh2 Rab8 23. Bxb8 1-0

[Event "AUTO-INT-3200"]
[Site "http://www.queenalice.com/game.php?id=1453262"]
[Date "2016.12.3"]
[Round "1"]
[White "Checker"]
[Black "NickThorp"]
[Result "0-1"]
[WhiteElo "1560"]
[BlackElo "1590"]

1. e4 e5 2. Bc4 Nf6 3. d3 Bb4+ 4. Bd2 Bxd2+ 5. Qxd2 O-O 6. Nf3 d6 7. O-O Bg4 8.
Ne1 Nc6 9. f3 Bd7 10. c3 Na5 11. Na3 Nxc4 12. Nxc4 Bb5 13. Na3 Ba6 14. c4 c5 15.
Nac2 b5 16. b3 b4 17. Rf2 Nh5 18. g3 Bc8 19. Ne3 Bh3 0-1